| 000 | 00677nam a22002657a 4500 | ||
|---|---|---|---|
| 005 | 20231212131243.0 | ||
| 008 | 181219b2005 xxu||||| |||| 00| 0 spa d | ||
| 020 | _a8495818434 | ||
| 041 | _aESP | ||
| 041 | _aING | ||
| 082 | _a646.724 E24e | ||
| 245 | _aEstilo: edición profesional de peluquería = Style: professional hairdressing edition | ||
| 260 | _aEspaña | ||
| 260 | _bEdiciones Daly | ||
| 260 | _c2005 | ||
| 300 | _a80 páginas | ||
| 500 | _aTomo I: Women | ||
| 505 | _aContiene DVD N° 67 | ||
| 650 | _aCUIDADO DEL CABELLO | ||
| 650 | _aPELUQUERÍA | ||
| 650 | _aMUJERES | ||
| 650 | _aMODELOS | ||
| 650 | _aTÉCNICAS DE CORTE | ||
| 942 |
_cBK _2ddc |
||
| 999 |
_c11478 _d11478 |
||